[Event "Winnipeg TNT July op"]
[Site "Winnipeg"]
[Date "2011.07.12"]
[Round "2"]
[White "Joven, Perfecto"]
[Black "Babb, Jeff"]
[Result "1/2-1/2"]
[WhiteElo "2010"]
[BlackElo "2146"]
[PlyCount "51"]
[EventDate "2011.07.05"]
[EventType "swiss"]
[EventRounds "4"]
[EventCountry "CAN"]
[SourceTitle "EXT 2022"]
[Source "ChessBase"]
[SourceDate "2021.10.06"]
[SourceVersion "1"]
[SourceVersionDate "2021.10.06"]
[SourceQuality "1"]

1. Nf3 Nc6 2. d4 d5 3. c4 Bg4 4. e3 e6 5. a3 a6 6. Qa4 Bxf3 7. gxf3 dxc4 8. Qxc4 Qd5 9. Qe2 Nge7 10. Nc3 Qh5 11. Bd2 Nf5 12. f4 Qg6 13. b4 0-0-0 14. Rc1 a5 15. Nb5 axb4 16. axb4 Nd6 17. h4 Nxb5 18. Qxb5 Nxd4 19. Qa5 Nc2+ 20. Rxc2 Qxc2 21. Qa8+ Kd7 22. Qxb7 Qb1+ 23. Ke2 Bd6 24. Bg2 Qa2 25. Qb5+ Ke7 26. Qg5+ 1/2-1/2

[Event "Winnipeg TNT June op"]
[Site "Winnipeg"]
[Date "2011.06.14"]
[Round "2"]
[White "Melamedoff, Gustavo"]
[Black "Joven, Perfecto"]
[Result "1/2-1/2"]
[WhiteElo "2060"]
[BlackElo "1995"]
[PlyCount "101"]
[EventDate "2011.06.07"]
[EventType "swiss"]
[EventRounds "4"]
[EventCountry "CAN"]
[SourceTitle "EXT 2022"]
[Source "ChessBase"]
[SourceDate "2021.10.06"]
[SourceVersion "1"]
[SourceVersionDate "2021.10.06"]
[SourceQuality "1"]

1. e4 d6 2. d4 Nf6 3. Nc3 g6 4. Nf3 Bg7 5. Be2 c5 6. dxc5 Qa5 7. 0-0 Qxc5 8. Be3 Qa5 9. Nd4 0-0 10. Nb3 Qd8 11. f4 Nc6 12. Bf3 Bd7 13. Qe2 Qc8 14. h3 a6 15. Na4 Nd4 16. Nxd4 Bxa4 17. b3 Bd7 18. c4 Rb8 19. Rac1 Qd8 20. Rfd1 Qa5 21. a4 Ne8 22. Qf2 b5 23. axb5 axb5 24. c5 dxc5 25. Rxc5 Nd6 26. e5 Nf5 27. Nxf5 Bxf5 28. g4 Be6 29. Bd5 Rfd8 30. Bd2 Qb6 31. Be3 Qa5 32. Qe2 Bxd5 33. Rcxd5 Rxd5 34. Rxd5 Qb4 35. Qd1 Bf8 36. f5 Ra8 37. fxg6 hxg6 38. e6 f6 39. Qb1 Kg7 40. g5 f5 41. Rd4 Qc3 42. Rd3 Qc6 43. Qb2+ Kg8 44. Qe5 Bg7 45. Qd5 Ra1+ 46. Kg2 Ra2+ 47. Kf3 Ra6 48. Qxc6 Rxc6 49. Rd8+ Kh7 50. Rd7 Rxe6 51. Rb7 1/2-1/2

[Event "Winnipeg TNT September op"]
[Site "Winnipeg"]
[Date "2010.09.21"]
[Round "3"]
[White "Joven, Perfecto"]
[Black "Kernetsky, Myron"]
[Result "1-0"]
[WhiteElo "1963"]
[BlackElo "1989"]
[PlyCount "62"]
[EventDate "2010.09.07"]
[EventType "swiss"]
[EventRounds "4"]
[EventCountry "CAN"]
[SourceTitle "EXT 2022"]
[Source "ChessBase"]
[SourceDate "2021.10.06"]
[SourceVersion "1"]
[SourceVersionDate "2021.10.06"]
[SourceQuality "1"]

1. d4 Nf6 2. c4 e6 3. g3 Bb4+ 4. Bd2 Be7 5. Bg2 d5 6. Nf3 0-0 7. 0-0 dxc4 8. Qc2 a6 9. Qxc4 b5 10. Qc2 Bb7 11. Bf4 Bd6 12. Nbd2 Nbd7 13. Ne5 Bxg2 14. Kxg2 Qc8 15. Kg1 Qb7 16. Rac1 Rac8 17. Nc6 Rfe8 18. a3 Nd5 19. Bxd6 cxd6 20. Ne4 Qb6 21. Nxd6 Ra8 22. e4 N5f6 23. Rfd1 h6 24. b4 Kh8 25. Rd3 g6 26. Rf3 Kg7 27. Rc3 Qc7 28. e5 Nd5 29. Rf3 f6 30. Qb2 Qb6 31. Na5 fxe5 1-0

[Event "Winnipeg TNT July op"]
[Site "Winnipeg"]
[Date "2010.07.20"]
[Round "3"]
[White "Bince, Rolando"]
[Black "Joven, Perfecto"]
[Result "1-0"]
[WhiteElo "2150"]
[BlackElo "1977"]
[PlyCount "149"]
[EventDate "2010.07.06"]
[EventType "swiss"]
[EventRounds "4"]
[EventCountry "CAN"]
[SourceTitle "EXT 2022"]
[Source "ChessBase"]
[SourceDate "2021.10.06"]
[SourceVersion "1"]
[SourceVersionDate "2021.10.06"]
[SourceQuality "1"]

1. e4 d6 2. d4 Nf6 3. c4 g6 4. Nc3 Bg7 5. Nf3 0-0 6. Bg5 a6 7. Be2 Nbd7 8. 0-0 Re8 9. e5 dxe5 10. Nxe5 c6 11. Be3 Nxe5 12. dxe5 Qxd1 13. Raxd1 Ng4 14. Bxg4 Bxg4 15. f3 Be6 16. f4 Bxc4 17. Rf2 Be6 18. Bb6 Bh6 19. b4 Bg7 20. Ne4 Bd5 21. Nc5 Bf8 22. a3 e6 23. Nd7 Be7 24. Rd3 Kg7 25. Rc3 Bh4 26. g3 Be7 27. h4 h5 28. Rd2 Bd8 29. Bd4 Kh6 30. Be3 Kg7 31. a4 Be7 32. Bc5 Bxc5+ 33. bxc5 Re7 34. Nf6 Rc7 35. a5 Kf8 36. Kf2 Ke7 37. Ke3 Rd8 38. Rb2 Rb8 39. Rc1 Kd8 40. Rd2 Ke7 41. Rb2 Rd8 42. Rb4 Rb8 43. Rcb1 Ba2 44. R1b2 Bd5 45. Rb6 Bc4 46. R6b4 Bd5 47. Kd4 Bf3 48. Ke3 Bd5 49. Rd4 Rh8 50. Rb6 Kd8 51. Ne4 Re8 52. Nd6 Ree7 53. Rdb4 Bg2 54. Nxb7+ Ke8 55. Nd6+ Kf8 56. Rb8+ Kg7 57. Ne8+ Rxe8 58. Rxe8 f6 59. Rbb8 Bd5 60. Rg8+ Kf7 61. Rh8 Kg7 62. Rbg8+ Kf7 63. Rh7+ Kxg8 64. Rxc7 f5 65. Kd4 Bg2 66. Re7 Kf8 67. Rxe6 Kf7 68. Rf6+ Kg7 69. Rd6 Kf7 70. e6+ Ke7 71. Ke5 Bd5 72. Rxd5 cxd5 73. Kxd5 Kd8 74. Kd6 Kc8 75. e7 1-0

[Event "Winnipeg TNT January op"]
[Site "Winnipeg"]
[Date "2010.01.26"]
[Round "4"]
[White "Joven, Perfecto"]
[Black "Williams, Eric"]
[Result "1-0"]
[WhiteElo "1830"]
[BlackElo "1551"]
[PlyCount "103"]
[EventDate "2010.01.05"]
[EventType "swiss"]
[EventRounds "4"]
[EventCountry "CAN"]
[SourceTitle "EXT 2011"]
[Source "ChessBase"]
[SourceDate "2010.11.26"]
[SourceVersion "1"]
[SourceVersionDate "2010.11.26"]
[SourceQuality "1"]

1. e4 c5 2. Nf3 e6 3. d4 cxd4 4. Nxd4 a6 5. Bd3 Qc7 6. 0-0 Bc5 7. Nb3 Ba7 8. Qg4 Kf8 9. Nc3 d6 10. Qh4 Ne7 11. Kh1 Ng6 12. Qg3 Nd7 13. f4 Nf6 14. a4 h6 15. Bd2 e5 16. f5 Ne7 17. Qh4 Nc6 18. g4 Rh7 19. Rac1 Nb4 20. Be2 Bd7 21. Bf3 Bc6 22. Qe1 Nxc2 23. Rxc2 Bxa4 24. Na1 Bxc2 25. Nxc2 b5 26. Be3 Rc8 27. Bxa7 Qxa7 28. Qd2 Qb6 29. Nb4 g5 30. Rd1 Rd8 31. Nbd5 Nxd5 32. Nxd5 Qb7 33. Qb4 Qc6 34. Nc3 f6 35. Rc1 Qb7 36. Bd1 Rhd7 37. Bb3 Ke7 38. Nd5+ Kf8 39. Nxf6 Rc7 40. Rd1 Qc6 41. Nd5 Qc5 42. Qd2 Rcc8 43. Ne3 b4 44. Be6 Rb8 45. Rc1 Qa7 46. Nd5 a5 47. Rc7 Rb7 48. Rc6 b3 49. Nc3 Qb8 50. Bc4 Ke7 51. Qd5 Kd7 52. Nb5 1-0

[Event "Winnipeg Kent Oliver Memorial"]
[Site "Winnipeg"]
[Date "2006.01.21"]
[Round "2"]
[White "Joven, Perfecto"]
[Black "Tang, Edward"]
[Result "0-1"]
[WhiteElo "1847"]
[BlackElo "1994"]
[PlyCount "88"]
[EventDate "2006.01.20"]
[EventType "swiss"]
[EventRounds "5"]
[EventCountry "CAN"]
[SourceTitle "EXT 2007"]
[Source "ChessBase"]
[SourceDate "2006.11.23"]
[SourceVersion "1"]
[SourceVersionDate "2006.11.23"]
[SourceQuality "1"]

1. e4 c5 2. Nf3 d6 3. d4 cxd4 4. Nxd4 Nf6 5. Nc3 e6 6. Bc4 a6 7. Bb3 Nbd7 8. 0-0 Nc5 9. Re1 Be7 10. Kh1 0-0 11. f3 Qc7 12. Be3 b5 13. Rc1 Bb7 14. Qe2 Rad8 15. Qf2 b4 16. Na4 Nxa4 17. Bxa4 d5 18. Nb3 Nd7 19. exd5 Bxd5 20. Nd4 Nc5 21. Bb3 Rd7 22. Ne2 e5 23. Ng3 Rfd8 24. Nf5 Bf8 25. Qg3 Kh8 26. Bxc5 Qxc5 27. Qxe5 f6 28. Qf4 Bxb3 29. axb3 Rd2 30. Qe4 Qf2 31. Rg1 Re2 32. Qc4 Re5 33. Ng3 Rc5 34. Qe4 Re5 35. Qc6 Qxg3 36. Qc7 Rde8 37. Qf7 Qg6 38. Qd7 Qf5 39. Qc6 Qe6 40. Qa4 a5 41. h3 Rh5 42. g4 Re5 43. c4 Bc5 44. Rgd1 Re2 0-1